[Event "Scottish International Open"]
[Site "Edinburgh, Scotland"]
[Date "2015.07.13"]
[Round "3"]
[White "Farago, Ivan"]
[Black "Schroer, Marcel"]
[Result "1-0"]
[WhiteElo "2417"]
[BlackElo "2183"]
[PlyCount "81"]
[EventDate "2015.??.??"]
[Source "ChessScotland"]
[SourceDate "2015.07.19"]
[WhiteClock "0:17:59"]
[BlackClock "0:04:27"]

1. d4 g6 2. c4 Bg7 3. e4 d6 4. Nc3 Nf6 5. Be2 O-O 6. Nf3 e5 7. O-O exd4 8. Nxd4
Re8 9. f3 c6 10. Bf4 Nh5 11. Be3 Nd7 12. Qd2 Qc7 13. Rfd1 a5 14. Rac1 Ne5 15.
b3 Qe7 16. Bf1 Bf8 17. Nde2 f5 18. Bh6 Bxh6 19. Qxh6 Be6 20. exf5 Bxf5 21. Nd4
Nf7 22. Qd2 Ng7 23. Qf2 Qf6 24. Rd2 g5 25. Rcd1 Bg6 26. Bd3 Ne6 27. Bxg6 Qxg6
28. Nde2 Ng7 29. Ng3 Nf5 30. Nxf5 Qxf5 31. Ne4 Rad8 32. Qg3 d5 33. cxd5 Rxd5
34. Rxd5 cxd5 35. Rxd5 Qg6 36. h4 Rxe4 37. fxe4 Qxe4 38. Rxa5 Qd4+ 39. Kh2 h6
40. Ra8+ Kg7 41. Ra4 1-0

[Event "Scottish International Open"]
[Site "Edinburgh, Scotland"]
[Date "2015.07.13"]
[Round "3"]
[White "Jennings, Richard"]
[Black "Arakhamia Grant, Ketevan"]
[Result "0-1"]
[WhiteElo "1767"]
[BlackElo "2374"]
[PlyCount "96"]
[EventDate "2015.??.??"]
[Source "ChessScotland"]
[SourceDate "2015.07.19"]
[WhiteClock "0:13:04"]
[BlackClock "0:14:40"]

1. c4 g6 2. g3 Bg7 3. Bg2 e5 4. Nc3 d6 5. e4 Nc6 6. Nge2 f5 7. d3 Nf6 8. O-O
O-O 9. a3 Nh5 10. f4 Be6 11. Rb1 Qd7 12. exf5 gxf5 13. Nd5 Nf6 14. Nxf6+ Bxf6
15. b4 Rae8 16. b5 Nd8 17. Bb2 c6 18. Qa4 cxb5 19. Qxb5 Qc7 20. Bd5 a6 21.
Bxe6+ Nxe6 22. Qd5 Bg7 23. fxe5 dxe5 24. d4 Re7 25. dxe5 Rd8 26. Qf3 Qxc4 27.
Nf4 Ng5 28. Qh5 Qc5+ 29. Kh1 Qc6+ 30. Kg1 Qc5+ 31. Kh1 Ne4 32. Qxf5 Qc6 33. Kg1
Nd2 34. Rfd1 Qb6+ 35. Kg2 Nxb1 36. Rxd8+ Qxd8 37. Qxb1 Qd2+ 38. Kh3 Qd7+ 39. e6
Qb5 40. Qd1 Bxb2 41. Nd5 Rxe6 42. Qg4+ Rg6 43. Qc8+ Kg7 44. Nf4 Qf1+ 45. Ng2
Rh6+ 46. Kg4 Qe2+ 47. Kf5 Rh5+ 48. Kf4 Be5# 0-1

[Event "Scottish International Open"]
[Site "Edinburgh, Scotland"]
[Date "2015.07.13"]
[Round "3"]
[White "Korneev, Oleg"]
[Black "Lawson, Robert"]
[Result "1-0"]
[WhiteElo "2567"]
[BlackElo "1628"]
[PlyCount "57"]
[EventDate "2015.??.??"]
[Source "ChessScotland"]
[SourceDate "2015.07.19"]
[WhiteClock "1:09:23"]
[BlackClock "0:42:06"]

1. d4 d5 2. c4 e6 3. Nc3 Nf6 4. cxd5 exd5 5. Bg5 c6 6. e3 Be7 7. Bd3 Nbd7 8.
Nf3 O-O 9. Qc2 Re8 10. h3 Ne4 11. Bxe4 dxe4 12. Nxe4 Nf8 13. Bxe7 Qxe7 14. Ned2
f6 15. O-O Be6 16. a3 Rad8 17. b4 Bd5 18. Qc5 a6 19. Qxe7 Rxe7 20. a4 Ng6 21.
Rfb1 Rc7 22. Rc1 Re7 23. Rab1 Ree8 24. b5 axb5 25. axb5 Rb8 26. bxc6 bxc6 27.
Rxb8 Rxb8 28. e4 Nf4 29. Kh2 1-0

[Event "Scottish International Open"]
[Site "Edinburgh, Scotland"]
[Date "2015.07.12"]
[Round "3"]
[White "Sreeves, Clement"]
[Black "McHarg, Steven"]
[Result "1-0"]
[WhiteElo "2333"]
[BlackElo "1476"]
[PlyCount "57"]
[EventDate "2015.??.??"]
[Source "ChessScotland"]
[SourceDate "2015.07.19"]
[WhiteClock "1:07:14"]
[BlackClock "1:06:01"]

1. e4 e5 2. Nf3 Nc6 3. Bb5 Bc5 4. O-O d6 5. c3 Bg4 6. d4 exd4 7. cxd4 Bxf3 8.
gxf3 Bb6 9. d5 a6 10. Ba4 Ba7 11. dxc6 b5 12. Bb3 Qf6 13. Nc3 Ne7 14. Nd5 Nxd5
15. Bxd5 O-O-O 16. a4 Bb6 17. axb5 a5 18. f4 h5 19. Be3 Qxb2 20. Bxb6 cxb6 21.
c7 Rdf8 22. Qd3 f5 23. Be6+ Kxc7 24. Rfc1+ Kb7 25. Qd5+ Kb8 26. Qxd6+ Kb7 27.
Rc7+ Kb8 28. Qxb6+ Ka8 29. Rxa5# 1-0

[Event "Scottish International Open"]
[Site "Edinburgh, Scotland"]
[Date "2015.07.12"]
[Round "3"]
[White "Brown, Alan M"]
[Black "Tate, Alan"]
[Result "0-1"]
[WhiteElo "2082"]
[BlackElo "2335"]
[PlyCount "62"]
[EventDate "2015.??.??"]
[Source "ChessScotland"]
[SourceDate "2015.07.19"]
[WhiteClock "0:09:33"]
[BlackClock "0:14:29"]

1. Nf3 Nf6 2. g3 g6 3. Bg2 Bg7 4. O-O O-O 5. c4 d5 6. cxd5 Nxd5 7. Nc3 c5 8.
Qb3 Nc7 9. d3 Nc6 10. Bd2 b6 11. Ne4 Ne6 12. Bc3 Ned4 13. Nxd4 Nxd4 14. Qd1 Bg4
15. f3 Be6 16. e3 Nc6 17. Bxg7 Kxg7 18. Nf2 Qd6 19. Qe2 Rfd8 20. Rfd1 Rd7 21.
f4 Rad8 22. Be4 Bd5 23. Bxd5 Qxd5 24. b3 e5 25. Rac1 f5 26. h3 Kf7 27. Kh2 exf4
28. gxf4 Re7 29. e4 Qd6 30. Qf3 Nd4 31. Qe3 g5 0-1

[Event "Scottish International Open"]
[Site "Edinburgh, Scotland"]
[Date "2015.07.12"]
[Round "3"]
[White "Mollison, Jamie"]
[Black "Pritchett, Craig William"]
[Result "0-1"]
[WhiteElo "1888"]
[BlackElo "2324"]
[PlyCount "100"]
[EventDate "2015.??.??"]
[Source "ChessScotland"]
[SourceDate "2015.07.19"]
[WhiteClock "0:09:37"]
[BlackClock "0:07:34"]

1. d4 Nf6 2. Nf3 e6 3. e3 b6 4. Bd3 Bb7 5. Nbd2 c5 6. O-O Be7 7. b3 O-O 8. Bb2
Nc6 9. a3 d5 10. Ne5 Nxe5 11. dxe5 Ne4 12. f4 Rc8 13. Nxe4 dxe4 14. Be2 Qc7 15.
Qe1 Rcd8 16. Rd1 Rxd1 17. Qxd1 a6 18. a4 Qc6 19. c4 g6 20. Qc1 Qc7 21. Rd1 Bc6
22. Rd2 Rb8 23. Rc2 Qd7 24. Rd2 Qe8 25. Rc2 h5 26. Bf1 b5 27. axb5 axb5 28.
cxb5 Bxb5 29. Bxb5 Qxb5 30. Ba3 Kg7 31. Bxc5 Bxc5 32. Rxc5 Qxb3 33. Rc3 Qa2 34.
Rc2 Qd5 35. Qd2 Rb1+ 36. Kf2 Qb5 37. Qe2 Qb3 38. Qc4 Qb7 39. Qc6 Qb4 40. Qc3
Qa4 41. Qc6 Qb4 42. Qc3 Qe7 43. g3 Qb7 44. Qc6 Qb4 45. Qc3 Qa4 46. Qc6 Qa1 47.
Qc4 Rh1 48. Kg2 Qg1+ 49. Kh3 h4 50. Rg2 Rxh2+ 0-1

[Event "Scottish International Open"]
[Site "Edinburgh, Scotland"]
[Date "2015.07.12"]
[Round "3"]
[White "MacQueen, Calum"]
[Black "Olson, Hamish"]
[Result "1-0"]
[WhiteElo "2232"]
[BlackElo "2079"]
[PlyCount "85"]
[EventDate "2015.??.??"]
[Source "ChessScotland"]
[SourceDate "2015.07.19"]
[WhiteClock "0:34:01"]
[BlackClock "0:12:27"]

1. d4 Nf6 2. c4 e6 3. Nf3 d5 4. Nc3 Be7 5. Bf4 O-O 6. e3 b6 7. cxd5 Nxd5 8.
Nxd5 Qxd5 9. a3 c5 10. dxc5 Qxd1+ 11. Rxd1 Bxc5 12. Ne5 f6 13. Nd3 Be7 14. Be2
Bb7 15. O-O Na6 16. Bg3 g5 17. b4 Rac8 18. h4 h6 19. Rc1 Rfd8 20. Rfd1 Kf8 21.
f3 Ke8 22. Kf1 Rxc1 23. Rxc1 Rc8 24. e4 Rxc1+ 25. Nxc1 Kd8 26. Bc4 e5 27. Ne2
Nc7 28. Bf2 Bc6 29. Nc3 b5 30. Bd5 Bxd5 31. exd5 a5 32. bxa5 b4 33. axb4 Bxb4
34. Bb6 Kd7 35. Bxc7 Kxc7 36. Nb5+ Kb7 37. h5 Bxa5 38. Nd6+ Kb6 39. Nf5 Kc5 40.
d6 Kd5 41. Nxh6 Kxd6 42. Nf5+ Ke6 43. h6 1-0

[Event "Scottish International Open"]
[Site "Edinburgh, Scotland"]
[Date "2015.07.12"]
[Round "3"]
[White "Schmerwitz, Reinhard"]
[Black "Lapidus, Mark"]
[Result "0-1"]
[WhiteElo "1829"]
[BlackElo "2202"]
[PlyCount "70"]
[EventDate "2015.??.??"]
[Source "ChessScotland"]
[SourceDate "2015.07.19"]
[WhiteClock "0:52:52"]
[BlackClock "0:44:52"]

1. e4 g6 2. d4 d6 3. Nc3 Bg7 4. Nf3 Nd7 5. Bc4 h6 6. e5 Nb6 7. Bd3 Bg4 8. h3
Bf5 9. Bxf5 gxf5 10. Qe2 Qd7 11. Bf4 Qc6 12. e6 Nf6 13. exf7+ Kxf7 14. O-O-O
Qc4 15. Rhe1 Qxe2 16. Rxe2 e6 17. Rde1 Rhe8 18. b3 Nbd5 19. Nxd5 Nxd5 20. Bd2
Nf6 21. Bf4 b5 22. c4 bxc4 23. bxc4 Rab8 24. Kc2 Rb4 25. Kd3 a5 26. Bd2 Ra4 27.
Bc3 Ne4 28. Ra1 Ra3 29. Rc2 c5 30. Rb1 a4 31. Rbb2 Bf6 32. Rb1 Rc8 33. Rb7+ Kg6
34. Rbb2 d5 35. Rb6 dxc4+ 0-1

[Event "Scottish International Open"]
[Site "Edinburgh, Scotland"]
[Date "2015.07.12"]
[Round "3"]
[White "Green, Andrew D"]
[Black "Kynoch, Richard"]
[Result "1-0"]
[WhiteElo "2173"]
[BlackElo "1934"]
[PlyCount "81"]
[EventDate "2015.??.??"]
[Source "ChessScotland"]
[SourceDate "2015.07.19"]
[WhiteClock "0:28:28"]
[BlackClock "0:01:32"]

1. e4 d5 2. exd5 Qxd5 3. Nc3 Qa5 4. Nf3 Nf6 5. d4 c6 6. Ne5 Be6 7. Bf4 Nd5 8.
Bd2 Qb6 9. Nxd5 cxd5 10. c3 g6 11. Qb3 Qxb3 12. axb3 f6 13. Bb5+ Kd8 14. Nd3
Bd7 15. Bxd7 Nxd7 16. Nf4 Nb6 17. Ra5 Kc7 18. Nxd5+ Nxd5 19. Rxd5 b6 20. Rb5 e6
21. c4 a6 22. Rb4 Bxb4 23. Bxb4 Rhe8 24. Ke2 a5 25. Bc3 b5 26. Ra1 b4 27. Bd2
e5 28. d5 Kd6 29. Be3 f5 30. Bb6 Reb8 31. Bxa5 Kc5 32. Ra4 e4 33. Kd2 f4 34.
Bxb4+ Rxb4 35. Rxa8 Rxb3 36. Rc8+ Kd4 37. d6 e3+ 38. fxe3+ fxe3+ 39. Kc2 Rd3
40. d7 Rd2+ 41. Kc1 1-0

[Event "Scottish International Open"]
[Site "Edinburgh, Scotland"]
[Date "2015.07.12"]
[Round "3"]
[White "Bhopal, Raj"]
[Black "Burnett, Andrew"]
[Result "0-1"]
[WhiteElo "2006"]
[BlackElo "2249"]
[PlyCount "64"]
[EventDate "2015.??.??"]
[Source "ChessScotland"]
[SourceDate "2015.07.19"]
[WhiteClock "0:04:51"]
[BlackClock "0:20:30"]

1. Nf3 Nf6 2. g3 d5 3. Bg2 c6 4. O-O Bg4 5. d4 e6 6. Ne5 Bf5 7. c4 Be7 8. Nc3
O-O 9. cxd5 cxd5 10. Qb3 Qb6 11. Qxb6 axb6 12. Be3 Nc6 13. f3 h6 14. Bf2 Bh7
15. Rac1 Rfc8 16. e4 dxe4 17. fxe4 Nxe5 18. dxe5 Ng4 19. Bxb6 Nxe5 20. Nb5 Nc4
21. Bd4 e5 22. Bf2 Nxb2 23. Nc7 Nd3 24. Bh3 Nxc1 25. Rxc1 Bxe4 26. Bxc8 Rxc8
27. Bb6 f5 28. Kf2 Rd8 29. Be3 g5 30. Ne6 Ra8 31. Ra1 Rc8 32. Rd1 Kf7 0-1

[Event "Scottish International Open"]
[Site "Edinburgh, Scotland"]
[Date "2015.07.13"]
[Round "3"]
[White "Graham, Alan"]
[Black "Petesch, Gabriel N"]
[Result "0-1"]
[WhiteElo "1739"]
[BlackElo "2242"]
[PlyCount "88"]
[EventDate "2015.??.??"]
[Source "ChessScotland"]
[SourceDate "2015.07.19"]
[WhiteClock "0:24:00"]
[BlackClock "1:05:10"]

1. d4 Nf6 2. Nf3 d6 3. g3 Nbd7 4. Bg2 e5 5. dxe5 dxe5 6. O-O Bc5 7. Nc3 h6 8.
Nd2 O-O 9. Nde4 Nxe4 10. Nxe4 Bb6 11. e3 Qe7 12. b3 Rd8 13. Qe2 f5 14. Nc3 Nf6
15. Bb2 e4 16. Rad1 Be6 17. Nb5 c5 18. Rxd8+ Rxd8 19. Rd1 Nd5 20. Nc3 Nb4 21.
a3 Nc6 22. Rxd8+ Bxd8 23. Qd1 Qf7 24. Bf1 Bf6 25. Qd2 Ne5 26. Kh1 Qh5 27. h3
Kf7 28. Qd6 Ng4 29. Kg1 Nxf2 30. Kxf2 Qf3+ 31. Kg1 Qxe3+ 32. Kh2 Bxc3 33. Bxc3
Qxc3 34. Qd1 Qd4 35. Qe2 Kf6 36. Bg2 a6 37. a4 Ke5 38. Bf3 g5 39. Bg2 f4 40.
gxf4+ gxf4 41. Qh5+ Kd6 42. Qxh6 f3 43. Qf8+ Kc6 44. Bxf3 Qf2+ 0-1

[Event "Scottish International Open"]
[Site "Edinburgh, Scotland"]
[Date "2015.07.12"]
[Round "3"]
[White "Orr, Mark J L"]
[Black "Begg, David"]
[Result "1-0"]
[WhiteElo "2260"]
[BlackElo "1706"]
[PlyCount "57"]
[EventDate "2015.??.??"]
[Source "ChessScotland"]
[SourceDate "2015.07.19"]
[WhiteClock "0:46:13"]
[BlackClock "0:40:40"]

1. c4 e6 2. Nc3 d5 3. d4 c5 4. e3 Nf6 5. Nf3 a6 6. cxd5 exd5 7. Be2 Be7 8. O-O
O-O 9. b3 Nc6 10. Bb2 Bg4 11. dxc5 Bxc5 12. h3 Be6 13. Rc1 Ba7 14. Na4 Rc8 15.
Nc5 Ne4 16. b4 Nxc5 17. bxc5 Bb8 18. Bd3 h6 19. Bb1 Ne7 20. Nd4 Qc7 21. f4 Bd7
22. Qh5 f5 23. Qh4 Qd8 24. Qg3 Rf7 25. Nf3 Nc6 26. h4 Qf8 27. h5 Re8 28. Nh4
Re4 29. Bxe4 1-0

[Event "Scottish International Open"]
[Site "Edinburgh, Scotland"]
[Date "2015.07.12"]
[Round "3"]
[White "Brown, Allan D"]
[Black "Grant, Jonathan I M"]
[Result "0-1"]
[WhiteElo "1798"]
[BlackElo "2211"]
[PlyCount "70"]
[EventDate "2015.??.??"]
[Source "ChessScotland"]
[SourceDate "2015.07.19"]

1. d4 Nf6 2. g3 d5 3. Bg2 e6 4. Nf3 b5 5. O-O Bb7 6. Bg5 Nbd7 7. a4 b4 8. Ne5
c5 9. c3 Rc8 10. Nd2 Be7 11. a5 Nxe5 12. dxe5 Nd7 13. Bxe7 Qxe7 14. Nc4 O-O 15.
Nd6 Rb8 16. Nxb7 Rxb7 17. c4 Nxe5 18. cxd5 Rd7 19. e4 Nc6 20. Qa4 Nd4 21. Rfe1
e5 22. Rac1 Rc7 23. Re3 g6 24. Qd1 Rfc8 25. Bh3 Rb8 26. f4 Qd6 27. Qg4 f5 28.
exf5 exf4 29. gxf4 Nxf5 30. Re5 Rf8 31. Qg2 Nd4 32. Qe4 Rxf4 33. Re8+ Kg7 34.
Qe5+ Qxe5 35. Rxe5 Nf3+ 0-1

[Event "Scottish International Open"]
[Site "Edinburgh, Scotland"]
[Date "2015.07.12"]
[Round "3"]
[White "Opasiak, Dustin Tennessee"]
[Black "Edwards, Jonathan"]
[Result "0-1"]
[WhiteElo "1791"]
[BlackElo "2182"]
[PlyCount "88"]
[EventDate "2015.??.??"]
[Source "ChessScotland"]
[SourceDate "2015.07.19"]

1. Nf3 Nf6 2. g3 g6 3. Bg2 Bg7 4. O-O O-O 5. d3 d5 6. Nbd2 c5 7. e4 Nc6 8. a4
e6 9. Re1 b6 10. exd5 exd5 11. Nf1 h6 12. Bd2 Be6 13. Qc1 Kh7 14. Nh4 Rc8 15.
f4 Qd7 16. Be3 d4 17. Bf2 Ng4 18. Qd2 a6 19. Kh1 Nxf2+ 20. Qxf2 Ne7 21. Nd2
Rfe8 22. Nc4 Bxc4 23. dxc4 Bf6 24. Be4 Bxh4 25. gxh4 Nf5 26. Bd3 h5 27. Qf3 Kg7
28. Qf2 a5 29. b3 Qc6+ 30. Kg1 Qf6 31. Bxf5 Qxf5 32. Kf1 Qh3+ 33. Kg1 Qg4+ 34.
Kf1 Rcd8 35. Rxe8 Rxe8 36. Re1 Qh3+ 37. Kg1 Rxe1+ 38. Qxe1 Qg4+ 39. Kh1 Qxf4
40. h3 Qf5 41. Qg3 Qf1+ 42. Kh2 Qe2+ 43. Qg2 Qxg2+ 44. Kxg2 Kf6 0-1

[Event "Scottish International Open"]
[Site "Edinburgh, Scotland"]
[Date "2015.07.12"]
[Round "3"]
[White "Roth, Michael J"]
[Black "Van den Ouden, Lendert"]
[Result "0-1"]
[WhiteElo "1714"]
[BlackElo "2077"]
[PlyCount "64"]
[EventDate "2015.??.??"]
[Source "ChessScotland"]
[SourceDate "2015.07.19"]

1. d4 d5 2. c4 c6 3. Nf3 Nf6 4. Nc3 a6 5. e3 Bf5 6. Bd3 Bxd3 7. Qxd3 e6 8. O-O
Be7 9. e4 O-O 10. e5 dxc4 11. Qxc4 Nd5 12. Bd2 Nd7 13. Rac1 Rc8 14. Ne4 h6 15.
Rc2 b5 16. Qe2 Qb6 17. Rfc1 Rc7 18. Nc5 Nxc5 19. dxc5 Qa7 20. Ba5 Rd7 21. Nd4
Rc8 22. Qg4 Bg5 23. Bd2 Nf4 24. Be3 Nd3 25. Bxg5 hxg5 26. Rd1 Nxe5 27. Qxg5 Rd5
28. Qe3 Nc4 29. Qc3 e5 30. Qh3 Qd7 31. b3 Qxh3 32. gxh3 Na3 0-1

[Event "Scottish International Open"]
[Site "Edinburgh, Scotland"]
[Date "2015.07.12"]
[Round "3"]
[White "Morriss, Pete"]
[Black "MacGilchrist, Siegrun"]
[Result "1-0"]
[WhiteElo "2075"]
[BlackElo "1746"]
[PlyCount "53"]
[EventDate "2015.??.??"]
[Source "ChessScotland"]
[SourceDate "2015.07.19"]

1. e4 c6 2. d4 d5 3. exd5 cxd5 4. c4 Nf6 5. Nc3 e6 6. Nf3 Bb4 7. a3 Bxc3+ 8.
bxc3 Qa5 9. Bd2 Ne4 10. cxd5 Nxd2 11. Qxd2 exd5 12. Bd3 Be6 13. O-O Qd8 14.
Rae1 Nd7 15. Ng5 Nf8 16. Bb5+ Ke7 17. f4 f5 18. Rxe6+ Nxe6 19. Re1 Qd6 20.
Rxe6+ Qxe6 21. Nxe6 Kxe6 22. Qe3+ Kf7 23. Qe5 Rhd8 24. Qxf5+ Kg8 25. Bd3 g6 26.
Qe6+ Kg7 27. f5 1-0

[Event "Scottish International Open"]
[Site "Edinburgh, Scotland"]
[Date "2015.07.12"]
[Round "3"]
[White "Kafka, Graeme"]
[Black "Heron, Donald"]
[Result "1-0"]
[WhiteElo "2042"]
[BlackElo "1714"]
[PlyCount "51"]
[EventDate "2015.??.??"]
[Source "ChessScotland"]
[SourceDate "2015.07.19"]

1. e4 e6 2. d4 d5 3. e5 c5 4. c3 Nc6 5. Nf3 Bd7 6. Be2 f6 7. O-O cxd4 8. cxd4
fxe5 9. dxe5 Bc5 10. Nc3 Nge7 11. Na4 Bb4 12. a3 Ba5 13. Nc5 Qc8 14. Bd3 Nd8
15. b4 Bc7 16. Bg5 Nf7 17. Rc1 Nc6 18. b5 Ncxe5 19. Nxe5 Nxe5 20. Qh5+ g6 21.
Qh6 Kf7 22. Rfe1 Nxd3 23. Nxd3 Qb8 24. Re3 e5 25. Rf3+ Bf5 26. Rxf5+ 1-0

[Event "Scottish International Open"]
[Site "Edinburgh, Scotland"]
[Date "2015.07.12"]
[Round "3"]
[White "Heathwood, Richard"]
[Black "McAndrew, Robert"]
[Result "0-1"]
[WhiteElo "1672"]
[BlackElo "2016"]
[PlyCount "62"]
[EventDate "2015.??.??"]
[Source "ChessScotland"]
[SourceDate "2015.07.19"]

1. d4 d5 2. c4 c6 3. cxd5 cxd5 4. Nf3 Nf6 5. Nc3 Nc6 6. Bf4 Bf5 7. e3 e6 8. Bd3
Bxd3 9. Qxd3 Bd6 10. Bxd6 Qxd6 11. O-O O-O 12. a3 h6 13. b4 g5 14. b5 Ne7 15.
Ne5 Kg7 16. f3 Nd7 17. Nxd7 Qxd7 18. a4 Rac8 19. Rac1 Rc4 20. Qc2 Nf5 21. Kf2
Qc7 22. Qb3 Qxh2 23. Ne2 Rfc8 24. Rh1 Qc7 25. Rxc4 Qxc4 26. Qxc4 Rxc4 27. Ra1
Nd6 28. Ra2 h5 29. Ng1 Rb4 30. Nh3 Kg6 31. Ke2 Nc4 0-1

[Event "Scottish International Open"]
[Site "Edinburgh, Scotland"]
[Date "2015.07.12"]
[Round "3"]
[White "Moreby, James"]
[Black "MacRae, James S"]
[Result "1-0"]
[WhiteElo "1997"]
[BlackElo "1689"]
[PlyCount "79"]
[EventDate "2015.??.??"]
[Source "ChessScotland"]
[SourceDate "2015.07.19"]

1. e4 c6 2. d4 d5 3. f3 e6 4. Nc3 Bd6 5. Nge2 b6 6. e5 Bc7 7. f4 Ba6 8. Be3 Nd7
9. Ng3 Bxf1 10. Rxf1 g6 11. Qd2 Qe7 12. Rf3 b5 13. a4 b4 14. Na2 a5 15. Nc1 Nb6
16. b3 Nd7 17. Nd3 Bb6 18. Qf2 Nh6 19. h3 Qh4 20. Rc1 Nf5 21. Nxf5 Qxf2+ 22.
Rxf2 gxf5 23. c3 bxc3 24. Rxc3 Rc8 25. Rfc2 Nb8 26. Nc5 Rc7 27. Bc1 O-O 28. Ba3
Rfc8 29. g4 fxg4 30. hxg4 Kg7 31. f5 exf5 32. gxf5 Rh8 33. f6+ Kf8 34. Ne6+ Ke8
35. Nxc7+ Bxc7 36. Rg3 Kd7 37. Rcg2 h5 38. Rg8 Rh6 39. Bc1 Rh7 40. R2g7 1-0

[Event "Scottish International Open"]
[Site "Edinburgh, Scotland"]
[Date "2015.07.12"]
[Round "3"]
[White "Veelenturf, Wim"]
[Black "Doyle, James"]
[Result "1/2-1/2"]
[WhiteElo "1697"]
[BlackElo "1962"]
[PlyCount "54"]
[EventDate "2015.??.??"]
[Source "ChessScotland"]
[SourceDate "2015.07.19"]

1. e4 c6 2. d4 d5 3. Nc3 dxe4 4. Nxe4 Nf6 5. Nxf6+ gxf6 6. Nf3 Bf5 7. Bd3 e6 8.
Be3 Bxd3 9. Qxd3 Nd7 10. O-O-O Qa5 11. Kb1 O-O-O 12. Qb3 Rg8 13. g3 Nb6 14. Nd2
Qf5 15. Nc4 Nd5 16. a3 Be7 17. Ka1 Rd7 18. Qd3 Qxd3 19. Rxd3 Rgd8 20. Rhd1 Kc7
21. Na5 Nxe3 22. fxe3 Rd5 23. Nb3 Rh5 24. R1d2 Rf5 25. e4 Rf1+ 26. Rd1 Rf2 27.
R1d2 Rf1+ 1/2-1/2

[Event "Scottish International Open"]
[Site "Edinburgh, Scotland"]
[Date "2015.07.12"]
[Round "3"]
[White "Gilfillan, Andrew"]
[Black "Nisbet, Charles"]
[Result "1-0"]
[WhiteElo "1953"]
[BlackElo "1636"]
[PlyCount "39"]
[EventDate "2015.??.??"]
[Source "ChessScotland"]
[SourceDate "2015.07.19"]

1. e4 Nf6 2. e5 Nd5 3. d4 d6 4. Bc4 Nb6 5. Bb3 d5 6. Ne2 e6 7. O-O c5 8. c3 Nc6
9. Nd2 Bd7 10. f4 Rc8 11. Nf3 cxd4 12. cxd4 Na5 13. Bc2 Bb5 14. f5 Qc7 15. Ne1
Bb4 16. Bd3 Bxd3 17. Nxd3 Be7 18. fxe6 fxe6 19. Nef4 Qd7 20. Qh5+ 1-0

[Event "Scottish International Open"]
[Site "Edinburgh, Scotland"]
[Date "2015.07.12"]
[Round "3"]
[White "Van Rossum, Pia"]
[Black "Gillies, Alex"]
[Result "0-1"]
[WhiteElo "1594"]
[BlackElo "1908"]
[PlyCount "64"]
[EventDate "2015.??.??"]
[Source "ChessScotland"]
[SourceDate "2015.07.19"]

1. d4 Nf6 2. Nf3 e6 3. g3 b6 4. Bg2 Bb7 5. O-O Be7 6. c4 O-O 7. Nc3 Ne4 8. Qc2
Nxc3 9. bxc3 f5 10. Rd1 d6 11. d5 e5 12. h4 h6 13. Nh2 Qe8 14. Nf1 Bc8 15. a4
a5 16. Ba3 Na6 17. Ne3 f4 18. Nf1 Bd7 19. Bc1 Nc5 20. Nh2 Bxa4 21. Rxa4 Qxa4
22. Qd2 Qxc4 23. Nf3 Ne4 24. Qc2 fxg3 25. fxg3 Nxc3 26. Re1 e4 27. Kh2 Bf6 28.
Nd2 Qa4 29. Nb3 Qa2 30. Qxa2 Nxa2 31. Bxe4 a4 32. Nd2 Bc3 0-1

[Event "Scottish International Open"]
[Site "Edinburgh, Scotland"]
[Date "2015.07.12"]
[Round "3"]
[White "Shafi, Declan"]
[Black "Gillies, Craig"]
[Result "1-0"]
[WhiteElo "1908"]
[BlackElo "1582"]
[PlyCount "129"]
[EventDate "2015.??.??"]
[Source "ChessScotland"]
[SourceDate "2015.07.19"]

1. d4 d5 2. c4 c6 3. Nf3 e6 4. Qc2 Nf6 5. Bg5 Be7 6. e3 Nbd7 7. Nc3 O-O 8. Rd1
h6 9. Bh4 dxc4 10. Bxc4 Nd5 11. Bxe7 Qxe7 12. O-O N7b6 13. Bb3 a5 14. a3 Nxc3
15. Qxc3 a4 16. Ba2 Nd5 17. Qc2 Qd6 18. Nd2 Re8 19. Ne4 Qe7 20. Nc5 b5 21. Nd3
Bb7 22. Ne5 Qg5 23. Qc5 Red8 24. f4 Qf5 25. Bxd5 cxd5 26. Qe7 Ba6 27. g4 Qf6
28. Qxf6 gxf6 29. Nc6 Re8 30. Rf2 Bb7 31. Rc2 Rac8 32. Rdc1 Rxc6 33. Rxc6 Bxc6
34. Rxc6 Rb8 35. Kf2 b4 36. Ra6 bxa3 37. bxa3 Rb2+ 38. Kf3 Rxh2 39. Rxa4 Ra2
40. Ra8+ Kg7 41. f5 exf5 42. gxf5 h5 43. Ra5 Kh6 44. Rxd5 Rxa3 45. Rd8 Kg5 46.
Ke4 Kg4 47. Rg8+ Kh3 48. Rg7 Ra7 49. d5 Ra4+ 50. Kd3 Kh2 51. Rxf7 h4 52. Rxf6
h3 53. Rg6 Kh1 54. f6 Ra1 55. f7 Rf1 56. Rg7 h2 57. d6 Rf2 58. d7 Rd2+ 59. Ke4
Rxd7 60. f8=Q Rxg7 61. Kf3 Rg2 62. Qb4 Rf2+ 63. Kg3 Kg1 64. Qe1+ Rf1 65. Qxf1+
1-0

[Event "Scottish International Open"]
[Site "Edinburgh, Scotland"]
[Date "2015.07.12"]
[Round "3"]
[White "Underwood, James Robert"]
[Black "Parks, Joe"]
[Result "1/2-1/2"]
[WhiteElo "1534"]
[BlackElo "1897"]
[PlyCount "54"]
[EventDate "2015.??.??"]
[Source "ChessScotland"]
[SourceDate "2015.07.19"]

1. c4 f5 2. Nc3 Nf6 3. g3 g6 4. Bg2 Bg7 5. d3 d6 6. e4 c6 7. Nge2 O-O 8. O-O e5
9. f4 Qb6+ 10. Kh1 Ng4 11. Qe1 Na6 12. h3 Nf6 13. Rb1 Bd7 14. Qd1 Rae8 15. b4
Qd8 16. b5 Nc5 17. Ba3 fxe4 18. Bxc5 dxc5 19. dxe4 exf4 20. Nxf4 Ng4 21. Qd3
Ne5 22. Qe2 Qg5 23. Kh2 Qd8 24. bxc6 bxc6 25. Nd1 Qa5 26. Ne3 Rb8 27. Rfd1 Rb4
1/2-1/2

[Event "Scottish International Open"]
[Site "Edinburgh, Scotland"]
[Date "2015.07.12"]
[Round "3"]
[White "Jelfs, Alan"]
[Black "McKinney, Stuart"]
[Result "1-0"]
[WhiteElo "1889"]
[BlackElo "1364"]
[PlyCount "97"]
[EventDate "2015.??.??"]
[Source "ChessScotland"]
[SourceDate "2015.07.19"]

1. d4 e6 2. c4 d5 3. Nc3 Nf6 4. Bg5 Be7 5. Nf3 h6 6. Bxf6 Bxf6 7. e3 b6 8. Qc2
Bb7 9. cxd5 exd5 10. Bd3 O-O 11. O-O Na6 12. Qa4 Nb8 13. Rac1 c6 14. Rfd1 b5
15. Qc2 a5 16. e4 Na6 17. Qb1 Nb4 18. exd5 Nxd5 19. Nxd5 Qxd5 20. Be4 Qd7 21.
Rc5 Be7 22. Ne5 Qc7 23. Rc3 c5 24. Bxb7 Qxb7 25. dxc5 Rfd8 26. c6 Qc7 27. Nd7
Ra6 28. Qe4 Bb4 29. Rcc1 Bd6 30. g3 Raa8 31. Qd5 Bf8 32. Qxb5 Ra7 33. Rc3 Bb4
34. Rcd3 Rc8 35. Rc1 Be7 36. Qd5 Ra6 37. Rdc3 Bb4 38. Rc4 Be7 39. a3 Bg5 40.
R1c2 Re8 41. Kg2 Re6 42. Qb5 Qc8 43. Qb8 Re8 44. Qxc8 Rxc8 45. b4 axb4 46. axb4
Bd8 47. b5 Rb6 48. Nxb6 Bxb6 49. c7 1-0